| 000 | 00557nam a2200193Ia 4500 | ||
|---|---|---|---|
| 008 | 240729s9999 xx 000 0 und d | ||
| 022 | _a2665-9271 | ||
| 245 | 0 | _aCurrent Research in Food Science | |
| 260 | _aNetherlands | ||
| 260 | _bElsevier | ||
| 650 | _a Chemical technology | ||
| 650 | _a Food processing and manufacture | ||
| 650 | _a Home economics | ||
| 650 | _a Nutrition. Foods and food supply | Technology | ||
| 650 | _aTechnology | ||
| 856 | _uhttps://doaj.org/toc/7b7083287bad43e78b057e35d73ff578 | ||
| 942 | _2ddc | ||
| 942 | _cDOAJEJ | ||
| 999 |
_c71502 _d71502 |
||
| 945 |
_a1 _bMadushi Gamage _c1 _dMadushi Gamage |
||